000 01371cam a22003857a 4500
003 CHAP
005 20220329142440.0
008 010227d2001 mx r 00110 spa d
010 _a83646
011 _a84618
035 _a95143
040 _cCHAP
090 _aTesis
100 0 0 _aMéndez Hernández, Juan.
_976510
245 1 0 _aEfecto del tipo de boquilla en el control químico de enfermedades en cebolla (Allium cepa L.) en Jolalpan, Puebla
_c/por Juan Méndez Hernández.
260 _aChapingo, Méx. :
_bEl autor,
_c2001.
300 _a56 h. :
_btablas; gráfs.
502 _aTesis (Ing. Agr. Esp. en Fitotecnia) -- UACH. Departamento de Fitotecnia.
590 _aALEPH
_b10
_c20130110
_lUCH01
_h1441
590 _aBATCH-UPD
_b10
_c20130109
_lUCH01
_h2346
590 _aBATCH-UPD
_b10
_c20130110
_lUCH01
_h0346
590 _aBATCH-UPD
_b10
_c20130110
_lUCH01
_h1847
590 _aBATCH-UPD
_b10
_c20130409
_lUCH01
_h1917
590 _aBATCH-UPD
_b10
_c20130914
_lUCH01
_h0249
590 _aCONVERSION
_b10
_c20130109
_lUCH01
_h1346
650 1 4 _aAlternaria porri.
_94681
650 1 4 _aBoquillas.
_913816
650 1 4 _aCebolla
_xEnfermedades.
_920765
650 1 4 _aCebolla
_xPuebla.
_920800
901 _aBK
905 _aEdna Luz
942 _cFOLL
949 _bBC
_cTES
_d33724000818639
_eTS2
_fc.2
_h37912
_i95143
_si
949 _bBC
_cTES
_d951431
_eTS1
_h37911
_i95143
_sb
999 _c83646
_d83646